000 01120cam a2200289 a 4500
001 2877450
003 ARRUPE
005 20150909141237.0
008 860206m19719999cau 001 0 eng
010 _a 86003067
020 _a0917479041 (pbk. : v. 1) :
_c$5.50 (varies for each vol.)
040 _aDLC
_cDLC
_dDLC
050 0 0 _aBF51
_b.H64 1971
082 0 0 _a201/.9
_219
100 1 _aHowes, Elizabeth Boyden,
_d1907-
_919607
245 1 0 _aIntersection and beyond /
_cby Elizabeth Boyden Howes.
260 _aSan Francisco, Calif. :
_bGuild for Psychological Studies,
_cc1971-<c1986- >
300 _av. <1-2 > ;
_c22 cm.
500 _a"Twelve lectures on the commingling of religious values and the insights of analytical psychology"--V. 1, t.p.
500 _aVol. 1 has new copyright page inserted.
500 _aVol. <2 > published by Guild for Psychological Studies Publishing House.
500 _aIncludes indexes.
650 0 _aPsychology and religion.
_919608
650 0 _aPsychoanalysis and religion.
_92638
906 _a7
_bcbc
_corignew
_d1
_eocip
_f19
_gy-gencatlg
942 _2lcc
_cMONOGRAPH
999 _c123327
_d123327